<?xml version="1.0" encoding="UTF-8"?>
<record
    xmlns:xsi="http://www.w3.org/2001/XMLSchema-instance"
    xsi:schemaLocation="http://www.loc.gov/MARC21/slim http://www.loc.gov/standards/marcxml/schema/MARC21slim.xsd"
    xmlns="http://www.loc.gov/MARC21/slim">

  <leader>00472nam a2200169Ia 4500</leader>
  <controlfield tag="003">3228</controlfield>
  <controlfield tag="005">20220526223803.0</controlfield>
  <controlfield tag="008">220512b        sa ||||| |||| 00| 0 eng d</controlfield>
  <datafield tag="020" ind1=" " ind2=" ">
    <subfield code="a">9781868404018</subfield>
  </datafield>
  <datafield tag="040" ind1=" " ind2=" ">
    <subfield code="c">3228</subfield>
  </datafield>
  <datafield tag="082" ind1=" " ind2=" ">
    <subfield code="a">NDE LF MATH</subfield>
  </datafield>
  <datafield tag="100" ind1=" " ind2=" ">
    <subfield code="a">Mathibela, Maria</subfield>
    <subfield code="9">30509</subfield>
  </datafield>
  <datafield tag="245" ind1=" " ind2="0">
    <subfield code="a">Ukurhonona kuyabulala</subfield>
  </datafield>
  <datafield tag="260" ind1=" " ind2=" ">
    <subfield code="a">University of Natal, Durban</subfield>
    <subfield code="b">New Readers Project</subfield>
    <subfield code="c">2000</subfield>
  </datafield>
  <datafield tag="300" ind1=" " ind2=" ">
    <subfield code="a">Book</subfield>
    <subfield code="b">Softbook</subfield>
    <subfield code="c">21cm, 36p.</subfield>
  </datafield>
  <datafield tag="942" ind1=" " ind2=" ">
    <subfield code="c">BK</subfield>
    <subfield code="2">ddc</subfield>
    <subfield code="y">561</subfield>
    <subfield code="z">John Tresidder</subfield>
  </datafield>
  <datafield tag="999" ind1=" " ind2=" ">
    <subfield code="c">113732</subfield>
    <subfield code="d">113731</subfield>
  </datafield>
  <datafield tag="952" ind1=" " ind2=" ">
    <subfield code="0">0</subfield>
    <subfield code="1">0</subfield>
    <subfield code="4">0</subfield>
    <subfield code="7">0</subfield>
    <subfield code="a">MASOL</subfield>
    <subfield code="b">MASOL</subfield>
    <subfield code="d">2021-08-17</subfield>
    <subfield code="g">100.00</subfield>
    <subfield code="l">0</subfield>
    <subfield code="p">33228024449322</subfield>
    <subfield code="r">2021-08-17</subfield>
    <subfield code="w">2021-08-17</subfield>
    <subfield code="y">BK</subfield>
  </datafield>
  <datafield tag="952" ind1=" " ind2=" ">
    <subfield code="0">0</subfield>
    <subfield code="1">0</subfield>
    <subfield code="2">ddc</subfield>
    <subfield code="4">0</subfield>
    <subfield code="7">0</subfield>
    <subfield code="a">LYDEL</subfield>
    <subfield code="b">LYDEL</subfield>
    <subfield code="d">2022-05-12</subfield>
    <subfield code="l">0</subfield>
    <subfield code="o">NDE LF MATH</subfield>
    <subfield code="p">33228022198301</subfield>
    <subfield code="r">2022-05-12</subfield>
    <subfield code="w">2022-05-12</subfield>
    <subfield code="y">BK</subfield>
  </datafield>
  <datafield tag="952" ind1=" " ind2=" ">
    <subfield code="0">0</subfield>
    <subfield code="1">0</subfield>
    <subfield code="2">ddc</subfield>
    <subfield code="4">0</subfield>
    <subfield code="7">0</subfield>
    <subfield code="a">LYDEL</subfield>
    <subfield code="b">LYDEL</subfield>
    <subfield code="d">2022-05-12</subfield>
    <subfield code="l">0</subfield>
    <subfield code="o">NDE LF MATH</subfield>
    <subfield code="p">33228022198392</subfield>
    <subfield code="r">2022-05-12</subfield>
    <subfield code="w">2022-05-12</subfield>
    <subfield code="y">BK</subfield>
  </datafield>
  <datafield tag="952" ind1=" " ind2=" ">
    <subfield code="0">0</subfield>
    <subfield code="1">0</subfield>
    <subfield code="2">ddc</subfield>
    <subfield code="4">0</subfield>
    <subfield code="7">0</subfield>
    <subfield code="a">LYDEL</subfield>
    <subfield code="b">LYDEL</subfield>
    <subfield code="d">2022-05-12</subfield>
    <subfield code="l">0</subfield>
    <subfield code="o">NDE LF MATH</subfield>
    <subfield code="p">33228022198384</subfield>
    <subfield code="r">2022-05-12</subfield>
    <subfield code="w">2022-05-12</subfield>
    <subfield code="y">BK</subfield>
  </datafield>
  <datafield tag="952" ind1=" " ind2=" ">
    <subfield code="0">0</subfield>
    <subfield code="1">0</subfield>
    <subfield code="2">ddc</subfield>
    <subfield code="4">0</subfield>
    <subfield code="7">0</subfield>
    <subfield code="a">LYDEL</subfield>
    <subfield code="b">LYDEL</subfield>
    <subfield code="d">2022-05-12</subfield>
    <subfield code="l">0</subfield>
    <subfield code="o">NDE LF MATH</subfield>
    <subfield code="p">33228022198376</subfield>
    <subfield code="r">2022-05-12</subfield>
    <subfield code="w">2022-05-12</subfield>
    <subfield code="y">BK</subfield>
  </datafield>
  <datafield tag="952" ind1=" " ind2=" ">
    <subfield code="0">0</subfield>
    <subfield code="1">0</subfield>
    <subfield code="2">ddc</subfield>
    <subfield code="4">0</subfield>
    <subfield code="7">0</subfield>
    <subfield code="a">LYDEL</subfield>
    <subfield code="b">LYDEL</subfield>
    <subfield code="d">2022-05-12</subfield>
    <subfield code="l">0</subfield>
    <subfield code="o">NDE LF MATH</subfield>
    <subfield code="p">33228022198343</subfield>
    <subfield code="r">2022-05-12</subfield>
    <subfield code="w">2022-05-12</subfield>
    <subfield code="y">BK</subfield>
  </datafield>
  <datafield tag="952" ind1=" " ind2=" ">
    <subfield code="0">0</subfield>
    <subfield code="1">0</subfield>
    <subfield code="2">ddc</subfield>
    <subfield code="4">0</subfield>
    <subfield code="7">0</subfield>
    <subfield code="a">LYDEL</subfield>
    <subfield code="b">LYDEL</subfield>
    <subfield code="d">2022-05-12</subfield>
    <subfield code="l">0</subfield>
    <subfield code="o">NDE LF MATH</subfield>
    <subfield code="p">33228022198327</subfield>
    <subfield code="r">2022-05-12</subfield>
    <subfield code="w">2022-05-12</subfield>
    <subfield code="y">BK</subfield>
  </datafield>
</record>
